00281nam a2200109Ia 4500008004100000100001500041245005200056260003200108300000900140942000700149999001500156190216s9999||||xx |||||||||||||| ||und|| aSaharay Hk 0aPrinciples And Practice Of Company Law In India bPentice Hall Of Indiac1984 a499p cBK c5022d5022